| 000 -CABECERA |
| Longitud fija campo de control |
00857nam a2200241 a 4500 |
| 001 - NÚMERO DE CONTROL |
| Número de control |
891 |
| 003 - IDENTIFICADOR DEL NÚMERO DE CONTROL |
| Identificador del número de control |
CDMR |
| 005 - FECHA Y HORA DE LA ÚLTIMA TRANSACCIÓN |
| Fecha y hora de la última transacción |
20131204101440.0 |
| 008 - CÓDIGOS DE INFORMACIÓN DE LONGITUD FIJA |
| Códigos de información de longitud fija |
130130s1982||||||||||||||||||||||||||||d |
| 020 ## - NÚMERO INTERNACIONAL NORMALIZADO PARA LIBROS |
| Número Internacional Normalizado para Libros (ISBN) |
8436801849 |
| 040 ## - FUENTE DE LA CATALOGACIÓN |
| Centro catalogador de origen |
CDMR |
| Lengua de catalogación |
cat |
| Centro transcriptor |
CDMR |
| 100 1# - PUNTO DE ACCESO PRINCIPAL-NOMBRE DE PERSONA |
| Nombre de persona |
Righter, Rosemary |
| 9 (RLIN) |
696 |
| 245 13 - MENCIÓN DE TÍTULO |
| Título |
El control de la información |
| Resto del título |
: política, prensa y tercer mundo |
| Mención de responsabilidad, etc. |
Rosemary Righter |
| 246 ## - VARIANTES DE TÍTULO |
| Título propio / Título en breve |
Whose news? |
| Resto de título |
: Politics, the Press and the Third World |
| 260 ## - PUBLICACIÓN, DISTRIBUCIÓN, ETC. (PIE DE IMPRENTA) |
| Lugar de publicación, distribución, etc. |
Madrid |
| Fecha de publicación, distribución, etc. |
1982 |
| Nombre del editor, distribuidor, etc. |
Pirámide |
| 300 ## - DESCRIPCIÓN FÍSICA |
| Extensión |
247 p. |
| 490 0# - MENCIÓN DE SERIE |
| Mención de serie |
Medios (Pirámide) |
| 650 04 - PUNTO DE ACCESO ADICIONAL DE MATERIA - TÉRMINO DE MATERIA |
| 9 (RLIN) |
4427 |
| Término de materia o nombre geográfico como elemento inicial |
Mitjans de comunicació de massa en el desenvolupament comunitari |
| 650 04 - PUNTO DE ACCESO ADICIONAL DE MATERIA - TÉRMINO DE MATERIA |
| 9 (RLIN) |
4405 |
| Término de materia o nombre geográfico como elemento inicial |
Mitjans de comunicació de massa |
| Subdivisión geográfica |
Països en vies de desenvolupament |
| 650 04 - PUNTO DE ACCESO ADICIONAL DE MATERIA - TÉRMINO DE MATERIA |
| 9 (RLIN) |
3243 |
| Término de materia o nombre geográfico como elemento inicial |
Mitjans de comunicació de massa |
| Subdivisión de materia general |
Manipulació |
| 650 04 - PUNTO DE ACCESO ADICIONAL DE MATERIA - TÉRMINO DE MATERIA |
| 9 (RLIN) |
4364 |
| Término de materia o nombre geográfico como elemento inicial |
Política de la comunicació |
| 942 ## - ENTRADA DE ELEMENTOS AGREGADOS (KOHA) |
| Koha [por defecto] tipo de item |
Monografies |
| Fuente de clasificaión o esquema |
|